Top 15 Countries with Covid-19 Cases - 6 May - Statistics

General Stats
  • This quiz has been taken 30 times
  • The average score is 15 of 24
Answer Stats
country % Correct
United States
100%
China
97%
France
93%
Germany
93%
Italy
90%
Spain
90%
United Kingdom
86%
Russia
79%
Canada
76%
Portugal
72%
Brazil
69%
India
69%
Netherlands
66%
Switzerland
66%
Ireland
59%
Belgium
55%
Iran
55%
Sweden
52%
Turkey
48%
Peru
34%
Singapore
24%
Qatar
17%
Bahrain
14%
Belarus
7%
No matching quizzes found
Score Distribution
Percent of People with Each Score
Percentile by Number Answered
Your Score History
You have not taken this quiz